Statistics for Ingredients of Worcestershire Sauce

Click here to take the quiz!

General Stats

  • This quiz has been taken 48 times
  • The average score is 4 of 8

Answer Stats

ingredient% Correct
salt
86%
vinegar
74%
sugar
62%
anchovies
45%
garlic
45%
onions
40%
molasses
29%
tamarind
14%

Score Distribution

Percentile by Number Answered

Percent of People with Each Score

Your Score History

You have not taken this quiz